Statistics for Every Member of MCC Ever

Click here to take the quiz!

General Stats

  • This quiz has been taken 25 times
  • The average score is 53 of 106

Answer Stats

Answer% Correct
Dream
94%
TommyInnit
94%
GeorgeNotFound
89%
Tubbo
89%
Grian
83%
Ph1LzA
83%
PeteZahHutt
78%
Sapnap
78%
Seapeekay
78%
Technoblade
78%
VoiceOverPete
78%
WilburSoot
78%
CaptainSparklez
72%
Quig
72%
SmallishBeans
72%
SolidarityGaming
72%
Vikkstar123
72%
BadBoyHalo
67%
CaptainPuffy
67%
FalseSymmetry
67%
Fruitberries
67%
HBomb94
67%
Illumina
67%
InTheLittleWood
67%
KaraCorvus
67%
Nihachu
67%
Punz
67%
Quackity
67%
Ranboo
67%
Smajor1995
67%
TapL
67%
TheEret
67%
Antfrost
61%
Fundy
61%
KarlJacobs
61%
MichaelMcchill
61%
PEARLBYTES
61%
PearlescentMoon
61%
RenDog
61%
Skeppy
61%
TheOrionSound
61%
Cubfan135
56%
fWhip
56%
Iskall85
56%
JackManifold
56%
JackSucksAtLife
56%
King Burren
56%
Krtzyy
56%
5uppp
50%
Cxlvxn
50%
Krinios
50%
Shubble
50%
DrGluon
44%
James Charles
44%
Jameskii
44%
JamesTurner
44%
LDShadowLady
44%
PrestonPlayz
44%
SB737
44%
Sylvee
44%
Vixella
44%
Bitzel
39%
GizzyGazza
39%
iJevin
39%
JCTheCaster
39%
JeromeASF
39%
Joey Graceffa
39%
KatherineElizabeth
39%
KryticZeuz
39%
Ludwig
39%
Mini Muka
39%
Wisp
39%
DanTDM
33%
F1NN5TER
33%
Graser10
33%
iHasCupquake
33%
Pokimane
33%
Ryguyrocky
33%
VapeKit
33%
Asnazum
28%
BBPaws
28%
ConnorEatsPants
28%
FlorianFunke
28%
iicbunnyx
28%
Jestanii
28%
Kontuz
28%
LaurenzSide
28%
Mefs
28%
Rafessor
28%
RTGame
28%
Spifey
28%
Strawburry17
28%
TankMatt
28%
ToxxxicSupport
28%
Wahzdah
28%
Wolv21
28%
Yammyxox
28%
Yeetdaisie
28%
NettyPlays
22%
Plumbella
22%
RIPmika
22%
Roguskii
22%
ScotGriswold
22%
Steph0Sims
22%
ItsOriah
17%
Marielitai
17%

Score Distribution

Percentile by Number Answered

Percent of People with Each Score

Your Score History

You have not taken this quiz